Moral de actitudes
Guardat en:
| Autor principal: | |
|---|---|
| Format: | Llibre |
| Idioma: | espanyol |
| Publicat: |
Madrid
P.S
1981
|
| Edició: | 5a. ed |
| Matèries: | |
| Etiquetes: |
Afegir etiqueta
Sense etiquetes, Sigues el primer a etiquetar aquest registre!
|
MARC
| LEADER | 00000cam a2200000 a 4500 | ||
|---|---|---|---|
| 001 | UCW9213 | ||
| 003 | CL-VaPUC | ||
| 008 | 881221e19810000SP |||||||||||||||||spa|d | ||
| 020 | |a 8428405530 | ||
| 020 | |a 8428405549v.1 | ||
| 020 | |a 8428402906v.2 | ||
| 020 | |a 8428403171v.3 | ||
| 082 | 0 | 4 | |a 241 |b VID |2 21 |
| 100 | |a Vidal García, Marciano |e author |9 600968 | ||
| 245 | 1 | 0 | |a Moral de actitudes |
| 250 | |a 5a. ed | ||
| 300 | |a 3 v | ||
| 942 | |c BK | ||
| 945 | |d 19881221 00:00:00 |a aalvarez | ||
| 260 | |a Madrid |b P.S |c 1981 | ||
| 650 | 0 | |a Ética |9 255099 | |
| 650 | 0 | |a Teología moral |9 256617 | |
| 583 | |a last modification |c 20150713 09:06:20 |k Rodrigo Vera | ||
| 999 | |c 221237 |d 221235 | ||
| 952 | |0 0 |1 0 |4 0 |6 241_000000000000000_VID_1981 |7 0 |8 A |9 214333 |a BIBTEO |b BIBTEO |d 2019-11-15 |h v.1 |i 2829665 |o 241 VID 1981 |p 2829665 |r 2025-01-17 |w 2019-11-15 |y BK |k ICR | ||
| 952 | |0 0 |1 0 |4 0 |6 241_000000000000000_VID_1981 |7 0 |8 A |9 214334 |a BIBTEO |b BIBTEO |d 2019-11-15 |h v.2 |i 2829673 |o 241 VID 1981 |p 2829673 |r 2025-01-17 |w 2019-11-15 |y BK |k ICR | ||
| 952 | |0 0 |1 0 |4 0 |6 241_000000000000000_VID_1981 |7 0 |8 A |9 214335 |a BIBTEO |b BIBTEO |d 2019-11-15 |h v.3 |i 2829681 |l 14 |o 241 VID 1981 |p 2829681 |r 2025-01-17 |s 2022-01-03 |w 2019-11-15 |y BK |k ICR | ||
| 952 | |0 0 |1 0 |4 0 |6 241_000000000000000_VID_1981 |7 0 |8 A |9 214336 |a BIBTEO |b BIBTEO |d 2019-11-15 |h v.1 |i 282969K |o 241 VID 1981 |p 282969K |r 2025-01-17 |w 2019-11-15 |y BK |k ICR | ||
| 952 | |0 0 |1 0 |4 0 |6 241_000000000000000_VID_1981 |7 0 |8 A |9 214337 |a BIBTEO |b BIBTEO |d 2019-11-15 |h v.2 |i 2829703 |o 241 VID 1981 |p 2829703 |r 2025-01-17 |w 2019-11-15 |y BK |k ICR | ||
| 952 | |0 0 |1 0 |4 0 |6 241_000000000000000_VID_1981 |7 0 |8 A |9 214338 |a BIBTEO |b BIBTEO |d 2019-11-15 |h v.1 |i 2829711 |o 241 VID 1981 |p 2829711 |r 2025-01-17 |w 2019-11-15 |y BK |k ICR | ||
| 952 | |0 0 |1 0 |4 0 |6 241_000000000000000_VID_1981 |7 0 |8 A |9 214339 |a BIBTEO |b BIBTEO |d 2019-11-15 |h v.2 |i 282972K |o 241 VID 1981 |p 282972K |r 2025-01-17 |w 2019-11-15 |y BK |k ICR | ||
| 952 | |0 0 |1 0 |4 0 |6 241_000000000000000_VID_1981 |7 0 |8 A |9 214340 |a BIBTEO |b BIBTEO |d 2019-11-15 |h v.1 |i 2829738 |o 241 VID 1981 |p 2829738 |r 2025-01-17 |w 2019-11-15 |y BK |k ICR | ||
| 952 | |0 0 |1 0 |4 0 |6 241_000000000000000_VID_1981 |7 0 |8 A |9 214341 |a BIBEDU |b BIBEDU |d 2019-11-15 |h v.1 |i 3069540 |o 241 VID 1981 |p 3069540 |r 2019-11-15 |w 2019-11-15 |y BK |k EDU | ||
| 952 | |0 0 |1 0 |4 0 |6 241_000000000000000_VID_1981 |7 0 |8 A |9 214342 |a BIBEDU |b BIBEDU |d 2019-11-15 |h v.2 |i 3069559 |o 241 VID 1981 |p 3069559 |r 2019-11-15 |w 2019-11-15 |y BK |k EDU | ||
| 952 | |0 0 |1 0 |4 0 |6 241_000000000000000_VID_1981 |7 0 |8 A |9 214343 |a BIBEDU |b BIBEDU |d 2019-11-15 |h v.2 |i 3069508 |o 241 VID 1981 |p 3069508 |r 2019-11-15 |w 2019-11-15 |y BK |k EDU | ||
| 952 | |0 0 |1 0 |4 0 |6 241_000000000000000_VID_1981 |7 0 |8 A |9 214344 |a BIBEDU |b BIBEDU |d 2019-11-15 |h v.3 |i 3069516 |o 241 VID 1981 |p 3069516 |r 2019-11-15 |w 2019-11-15 |y BK |k EDU | ||
| 952 | |0 0 |1 0 |4 0 |6 241_000000000000000_VID_1981 |7 0 |8 A |9 214345 |a BIBEDU |b BIBEDU |d 2019-11-15 |i 162248K |l 2 |m 3 |o 241 VID 1981 |p 162248K |r 2024-08-06 |s 2024-06-04 |w 2019-11-15 |y BK |k EDU | ||
| 952 | |0 0 |1 0 |4 0 |6 241_000000000000000_VID_1981 |7 0 |8 A |9 214346 |a BIBTEO |b BIBTEO |d 2019-11-15 |h v.1 |i 2108542 |l 2 |m 5 |o 241 VID 1981 |p 2108542 |q 2024-07-31 |r 2021-12-02 |s 2021-12-02 |w 2019-11-15 |y BK |k ICR | ||
| 952 | |0 0 |1 0 |3 erd |4 0 |6 241_000000000000000_VID_1981 |7 0 |8 A |9 214347 |a BIBTEO |b BIBTEO |e Rehbein Pesce, Antonio, -2014 |h v.1 |i 5181054 |l 1 |m 2 |o 241 VID 1981 |p 5181054 |r 2025-01-17 |s 2022-10-20 |w 2019-11-15 |y BK |z Catalogado en:20150728 |k ICR | ||
| 952 | |0 0 |1 0 |3 erd |4 0 |6 241_000000000000000_VID_1981 |7 0 |8 A |9 214348 |a BIBTEO |b BIBTEO |e Rehbein Pesce, Antonio, -2014 |h v.2 |i 5181062 |o 241 VID 1981 |p 5181062 |r 2025-01-17 |w 2019-11-15 |y BK |z Catalogado en:20150728 |k ICR | ||
| 952 | |0 0 |1 0 |3 erd |4 0 |6 241_000000000000000_VID_1981 |7 0 |8 A |9 214349 |a BIBTEO |b BIBTEO |e Rehbein Pesce, Antonio, -2014 |h v.3 |i 5181070 |o 241 VID 1981 |p 5181070 |r 2025-01-17 |w 2019-11-15 |y BK |z Catalogado en:20150728 |k ICR | ||